Ultimate galactus trilogy /

Bibliographic Details
Main Author: Ellis, Warren
Format: Book
Language:English
Published: New York : Marvel Comics, 2007.
Subjects:

MARC

Tag First Indicator Second Indicator Subfields
LEADER 00000cam a2200000Ma 4500
001 in00002739708
005 20151202151738.0
008 080425s2007 nyua e 000 1 eng d
015 |a GBA710082  |2 bnb 
016 7 |a 013660896  |2 Uk 
019 |a 82671945 
020 |a 0785121390 (hbk.) 
020 |a 9780785121398 (hbk.) 
035 |a (OCoLC)ocn271803725 
035 |a (OCoLC)271803725  |z (OCoLC)82671945 
040 |a AU@  |b eng  |c AU@  |d UKM  |d BAKER  |d BTCTA  |d OCLCQ  |d UtOrBLW 
043 |a n-us--- 
049 |a TXAM 
082 0 4 |a 741.5973  |2 22 
090 |a PN6728.U45  |b E45 2007 
100 1 |a Ellis, Warren. 
245 1 0 |a Ultimate galactus trilogy /  |c writer, Warren Ellis. 
264 1 |a New York :  |b Marvel Comics,  |c 2007. 
300 |a 1 volume (unpaged) :  |b color illustrations ;  |c 26 cm. 
336 |a text  |b txt  |2 rdacontent 
337 |a unmediated  |b n  |2 rdamedia 
338 |a volume  |b nc  |2 rdacarrier 
500 |a "Ellis, Millar, Hairsine, Epting, Mcniven, Raney, Romita Jr, Peterson"--Cover. 
505 1 |a Ultimate nightmare -- Ultimate secret -- Ultimate nightmare -- Ultimate vision #0. 
650 0 |a Comic books, strips, etc.  |z United States. 
650 0 |a Science fiction comic books, strips, etc. 
655 7 |a Graphic novels.  |2 lcgft 
948 |a cataloged  |b h  |c 2012/4/3  |d c  |e ceaton  |f 11:06:27 am 
994 |a C0  |b TXA 
999 |a MARS 
999 f f |s c95fc5c2-38f7-3bf7-8695-a3dc0050f5d9  |i a0d41926-0dd1-3630-829b-af1139d6bb5c  |t 0 
952 f f |p normal  |a Texas A&M University  |b College Station  |c Sterling C. Evans Library  |d Evans: Library Stacks  |t 0  |e PN6728.U45 E45 2007  |h Library of Congress classification  |i unmediated -- volume  |m A14841372845 
998 f f |a PN6728.U45 E45 2007  |t 0  |l Evans: Library Stacks